How to look for things that don't exist : (Record no. 829)

MARC details
000 -LEADER
campo de control de longitud fija 00981cam a22002775i 4500
001 - NÚMERO DE CONTROL
campo de control 18872939
005 - FECHA Y HORA DE LA ÚLTIMA TRANSACCIÓN
campo de control 20220326193341.0
008 - DATOS DE LONGITUD FIJA--INFORMACIÓN GENERAL
campo de control de longitud fija 151127s2014 bl a 000 0 por
010 ## - NÚMERO DE CONTROL DE LA BIBLIOTECA DEL CONGRESO
Número de control de LC 2015501056
020 ## - NÚMERO INTERNACIONAL ESTÁNDAR DEL LIBRO
Número Internacional Estándar del Libro 9788585298470
040 ## - FUENTE DE CATALOGACIÓN
Centro catalogador/agencia de origen DLC
Lengua de catalogación eng
Centro/agencia transcriptor DLC
Normas de descripción rda
042 ## - CÓDIGO DE AUTENTICACIÓN
Código de autenticación lcode
082 ## - NÚMERO DE LA CLASIFICACIÓN DECIMAL DEWEY
Número de clasificación 700.74
Número de ítem B453h
100 ## - ENTRADA PRINCIPAL--NOMBRE DE PERSONA
Nombre de persona Nuria Enguita Mayo.
9 (RLIN) 4510
245 00 - MENCIÓN DEL TÍTULO
Título How to look for things that don't exist :
Resto del título guide 31st Bienal /
Mención de responsabilidad, etc. curadoria, Nuria Enguita Mayo.
260 ## - PUBLICACIÓN, DISTRIBUCIÓN, ETC.
Lugar de publicación, distribución, etc. Sao paolo, Brasil
Nombre del editor, distribuidor, etc. Bienal de Sao Paolo
Fecha de publicación, distribución, etc. 2014
300 ## - DESCRIPCIÓN FÍSICA
Extensión 223 pages :
Otras características físicas illustrations [some color illustrations] ;
Dimensiones 19 cm
650 ## - PUNTO DE ACCESO ADICIONAL DE MATERIA--TÉRMINO DE MATERIA
Término de materia o nombre geográfico como elemento de entrada 31 st Bienal de Sao Paolo
Subdivisión de forma Exhibición
Subdivisión geográfica Brasil
9 (RLIN) 4511
700 ## - ENTRADA AGREGADA--NOMBRE PERSONAL
Nombre de persona Nuria Enguita Mayo.
9 (RLIN) 4512
700 ## - ENTRADA AGREGADA--NOMBRE PERSONAL
Nombre de persona Galit Eliat
9 (RLIN) 4513
700 ## - ENTRADA AGREGADA--NOMBRE PERSONAL
Nombre de persona Pablo La Fuente
9 (RLIN) 4514
700 ## - ENTRADA AGREGADA--NOMBRE PERSONAL
Nombre de persona Benjamin Seroussi
9 (RLIN) 4515
700 ## - ENTRADA AGREGADA--NOMBRE PERSONAL
Nombre de persona Luiza Proenca
9 (RLIN) 4516
906 ## - ELEMENTOS DE DATOS F LOCAL, LDF (RLIN)
a 0
b ibc
c origode
d 3
e ncip
f 20
g y-gencatlg
Holdings
Estatus retirado Estado de pérdida Fuente del sistema de clasificación o colocación Estado de daño No para préstamo Biblioteca de origen Biblioteca actual Ubicación en estantería Fecha de adquisición Total de préstamos Signatura topográfica completa Código de barras Visto por última vez Precio de reemplazo Tipo de ítem Koha
    Clasificación Decimal Dewey     Biblioteca LadoV Biblioteca LadoV   22/01/2016   700.74 B453h 004096 22/01/2016 22/01/2016 Material 01